Criminal justice
| 1. VerfasserIn: | |
|---|---|
| Medienart: | Druck Buch |
| Sprache: | Englisch |
| Veröffentlicht: |
London [u.a.]
SAGE
2006
|
| In: | Jahr: 2006 |
| Online-Zugang: |
Publisher description Table of contents only |
| Bestand in Tübingen: | In Tübingen vorhanden. IFK: F I 352 UB: KB 9 E 807 |
| Verfügbarkeit prüfen: | HBZ Gateway |
| Subito Bestelldienst: | Jetzt bestellen. |
| Schlagwörter: |
MARC
| LEADER | 00000cam a2200000 c 4500 | ||
|---|---|---|---|
| 001 | 562795553 | ||
| 003 | DE-627 | ||
| 005 | 20251223215018.0 | ||
| 007 | tu | ||
| 008 | 080423s2006 xxk||||| 00| ||eng c | ||
| 010 | |a 2005931543 | ||
| 016 | 7 | |a b598987 |2 UK | |
| 020 | |a 1412907071 |c (pbk) : £12.99 hbk. : £45.00 : CIP entry (Feb.) |9 1-4129-0707-1 | ||
| 020 | |a 1412907063 |c (hbk.) : £45.00 : £12.99 |9 1-4129-0706-3 | ||
| 020 | |a 9781412907071 |c : pbk |9 978-1-4129-0707-1 | ||
| 020 | |a 9781412907064 |c : hbk |9 978-1-4129-0706-4 | ||
| 035 | |a (DE-627)562795553 | ||
| 035 | |a (DE-576)259843709 | ||
| 035 | |a (DE-599)GBV562795553 | ||
| 035 | |a (OCoLC)254985220 | ||
| 035 | |a (OCoLC)254985220 | ||
| 040 | |a DE-627 |b ger |c DE-627 |e rakwb | ||
| 041 | |a eng | ||
| 044 | |c XA-GB |c XD-US | ||
| 050 | 0 | |a HV9960.G7 | |
| 082 | 0 | |a 364 | |
| 100 | 1 | |a Smartt, Ursula |0 (DE-588)1046323121 |0 (DE-627)776099140 |0 (DE-576)181772361 |4 aut | |
| 109 | |a Smartt, Ursula |a Smartt, Ursula Hannelore |a Hertel, Ursula | ||
| 245 | 1 | 0 | |a Criminal justice |c Ursula Smartt |
| 264 | 1 | |a London [u.a.] |b SAGE |c 2006 | |
| 300 | |a VI, 226 S | ||
| 336 | |a Text |b txt |2 rdacontent | ||
| 337 | |a ohne Hilfsmittel zu benutzen |b n |2 rdamedia | ||
| 338 | |a Band |b nc |2 rdacarrier | ||
| 490 | 0 | |a SAGE course companions - knowledge and skills for success | |
| 500 | |a Includes index | ||
| 583 | 1 | |a Archivierung prüfen |c 20200919 |f DE-640 |z 3 |2 pdager | |
| 650 | 0 | |a Criminal justice, Administration of |z Great Britain | |
| 650 | 0 | |a Criminal justice, Administration of |x Study and teaching | |
| 650 | 4 | |a Criminal justice, Administration of | |
| 655 | 7 | |a Lehrbuch |0 (DE-588)4123623-3 |0 (DE-627)104270187 |0 (DE-576)209561262 |2 gnd-content | |
| 689 | 0 | 0 | |d g |0 (DE-588)4022153-2 |0 (DE-627)104665513 |0 (DE-576)208942076 |a Großbritannien |2 gnd |
| 689 | 0 | 1 | |d s |0 (DE-588)4183472-0 |0 (DE-627)105302465 |0 (DE-576)210018860 |a Strafjustiz |2 gnd |
| 689 | 0 | |5 (DE-627) | |
| 856 | 4 | 2 | |u http://www.loc.gov/catdir/enhancements/fy0664/2005931543-d.html |x Verlag |y Publisher description |7 1 |
| 856 | 4 | 2 | |u http://www.loc.gov/catdir/enhancements/fy0664/2005931543-t.html |x Verlag |y Table of contents only |7 1 |
| 935 | |i Blocktest | ||
| 951 | |a BO | ||
| ELC | |b 1 | ||
| LOK | |0 000 xxxxxcx a22 zn 4500 | ||
| LOK | |0 001 3088371614 | ||
| LOK | |0 003 DE-627 | ||
| LOK | |0 004 562795553 | ||
| LOK | |0 005 20070201160946 | ||
| LOK | |0 008 061212||||||||||||||||ger||||||| | ||
| LOK | |0 040 |a DE-21 |c DE-627 |d DE-21 | ||
| LOK | |0 852 |a DE-21 | ||
| LOK | |0 852 1 |c KB 9 E 807 |9 00 | ||
| LOK | |0 935 |a krim | ||
| LOK | |0 936ln |a k4.6.5 | ||
| LOK | |0 938 |l 17/01/07 |8 6 | ||
| LOK | |0 939 |a 12-12-06 |b l01 | ||
| LOK | |0 000 xxxxxcx a22 zn 4500 | ||
| LOK | |0 001 3088371703 | ||
| LOK | |0 003 DE-627 | ||
| LOK | |0 004 562795553 | ||
| LOK | |0 005 20070212164456 | ||
| LOK | |0 008 070212||||||||||||||||ger||||||| | ||
| LOK | |0 040 |a DE-21-110 |c DE-627 |d DE-21-110 | ||
| LOK | |0 541 |e 06/155 | ||
| LOK | |0 689 |a s |a Strafrecht | ||
| LOK | |0 689 |a s |a Kriminalität | ||
| LOK | |0 689 |a g |a England | ||
| LOK | |0 689 |a g |a Wales | ||
| LOK | |0 689 |a s |a Gericht | ||
| LOK | |0 689 |a s |a Justiz | ||
| LOK | |0 689 |a f |a Lehrbuch | ||
| LOK | |0 852 |a DE-21-110 | ||
| LOK | |0 852 1 |c F I 352 |m p |9 00 | ||
| LOK | |0 936ln |a 5.7 | ||
| LOK | |0 938 |k p | ||
| LOK | |0 939 |a 12-02-07 |b l01 | ||
| ORI | |a SA-MARC-krimdoka001.raw | ||
| SIG | |a IFK: F I 352 | ||
| SIG | |a UB: KB 9 E 807 | ||
| TIM | |a 100017070101_100020261231 |b 1707 - 2026 | ||
